000 00490nam a22002177a 4500
003 UA-OsUOA
001 52656
007 ta
008 20080227b un ||||| |||| 00| 0 ukr d
100 _aГудзик К.
090 _a2
_bГ-12
942 _cSA
040 _aUA-OsUOA
_bukr
_cUA-OsUOA
_dUA-OsUOA
245 _aШкола та церква
300 _aС. 6
955 _a0
041 _aukr
080 _a2
773 0 _w52655
650 7 _a2 Релігія. Теологія.
_2UDC
999 _c338744
_d338744